| 000 | 00628nam a22001697a 4500 | ||
|---|---|---|---|
| 003 | MACL | ||
| 005 | 20160731131811.0 | ||
| 008 | 160731b xxu||||| |||| 00| 0 eng d | ||
| 040 | _cMACL | ||
| 041 | _aHindi | ||
| 082 | _a340 SON | ||
| 100 |
_aसोनी, एन. एल _965894 |
||
| 245 |
_aम.प्र. छ. ग. सेवा दैनिक - कार्यभारित तथा आकस्मिकता कर्मचारी नियम _cएन. एल. सोनी |
||
| 260 |
_aभोपाल _bसुविधा लाॅ हाउस _c2010 |
||
| 650 |
_aलॉ _933609 |
||
| 942 |
_2ddc _cHIN |
||
| 999 |
_c55400 _d55400 |
||